[Event "Corus"]
[Site "Wijk aan Zee"]
[Date "2010.01.24"]
[Round "8"]
[White "Shirov, Alexei"]
[Black "Carlsen, Magnus"]
[Result "1/2-1/2"]
[WhiteElo "2723"]
[BlackElo "2810"]
[Annotator "Marin,Mihail"]
[PlyCount "65"]
[EventDate "2010.01.16"]
[EventType "tourn"]
[EventRounds "13"]
[EventCountry "NED"]
[EventCategory "19"]
[SourceTitle "CBM 135"]
[Source "ChessBase"]
[SourceDate "2010.03.17"]
[SourceVersion "1"]
[SourceVersionDate "2010.03.17"]
[SourceQuality "1"]

1. e4 {Rogozenco,Dorian Rogozenco,Dorian} c5 2. Nf3 Nc6 3. d4 cxd4 4. Nxd4 Nf6 5. Nc3 e5 {This is the continuation of the theoretical duel between the same players initiated at Sofia 2009.} 6. Ndb5 d6 7. Bg5 a6 8. Na3 b5 9. Bxf6 gxf6 10. Nd5 Bg7 11. Bd3 Ne7 12. Nxe7 Qxe7 13. c4 f5 14. O-O O-O 15. Qh5 Rb8 16. exf5 e4 17. Rae1 Bb7 18. Qg4 Rfe8 19. cxb5 d5 20. bxa6 Bc6 21. b3 ({RR} 21. Rc1 exd3 ({RR} 21... Ba8 22. Rc7 Qe5 ({RR} 22... Qxc7 23. f6) 23. Bb5 Rf8 ({RR} 23... Re7 24. f6 Qxf6 25. Rc8+ Rxc8 26. Qxc8+ Bf8 27. Qxa8 Qxb2 28. Qxd5 Qxa3 29. Qg5+ Kh8 30. Rd1) ({RR} 23... Red8 24. a7 Rb6 25. Rc8 Rbd6 ({RR} 25... Rxc8 26. f6 Qxf6 27. Qxc8+ Bf8 28. Qxa8) 26. Rfc1) ({RR} 23... Rec8 24. Rxc8+ Rxc8 25. f6) 24. Rfc1 Qxb2 ({RR} 24... d4 25. R1c5 Qf6 26. a7 Rbd8 27. Bc6) 25. a7 Rbd8 26. R7c2 Qf6 27. Bc6) ({RR} 21... Bd7 22. Be2 Rxb2 23. Rc7 Qd6 24. Rxd7 Qxd7 25. Bb5 Rxb5 26. Nxb5 d4 27. Nc7 Rc8 28. Nd5) 22. Rxc6 Qe2 ({RR} 22... Kh8 23. Qf3 ({RR} 23. b3 Qxa3) 23... Bxb2 24. Nb1 Qe4 ({RR} 24... Qd7 25. Rc5 Rb5 26. Rxb5 Qxb5 27. Nd2) ({RR} 24... Qe2 25. Qxd5 Rbd8 26. Rd6) 25. Qxe4 dxe4 26. Nd2) 23. h3 ({RR} 23. f3 d2) ({RR} 23. Qg3 d2) ({RR} 23. Qxe2 dxe2 24. Re1 Rxb2) 23... Rxb2 24. f6 Qxg4 25. hxg4 Rxa2 ({RR} 25... Bf8 26. Nb1) 26. Nb1 ({RR} 26. Nb5 d2) ({RR} 26. fxg7 Rxa3) 26... Bf8 27. Rc3 ({RR} 27. Rd1 h6 28. g3 Rc2) 27... Rxa6 ({RR} 27... d2 28. Rd3 Bb4 29. Rxd5 Rxa6 30. Nxd2 Bxd2 31. Rxd2 Rxf6) 28. Rxd3 Rxf6 29. Rxd5 ({RR} 29. Nc3 Bc5) 29... Bb4 30. g3 Re2 31. Kg2 Be1 32. Rf5 Rxf5 33. gxf5 Bb4 34. Rc1 h5 35. Rc4 ({RR} 35. Kf3 Rb2 36. Ke3 Kg7) 35... Rb2 {Topalov,V (2813)-Carlsen,M (2772) Nanjing 2009 CBM 133 [Rogozenco,Dorian] ½-½ (43)}) ({RR} 21. f3 h5) ({RR} 21. a7 Rxb2) 21... Kh8 ({RR} 21... h5 22. Qg3 Kf8 23. Nb1 Be5 24. f4 Bf6 25. Qf2 Qb4 26. a3 Qd4) ({RR} 21... Bd7 22. a7 Rb7 23. Nc4 Rd8 24. Ne3 exd3 25. Nxd5 Qd6 26. Qg5 ({RR} 26. Qh4 Bxf5 ({RR} 26... Bb5 27. f6) 27. Ne7+ Rxe7 28. Qxe7) 26... f6 27. Qg4 Bc6) ({RR} 21... Qxa3 22. f6 Qf8 23. Be2) 22. Nc2 Bc3 $146 {The bishop occupies a dominating position and this will be characteristic for Black's position in general. Despite his huge material advantage, White will have little breathing space at his disposal and will find no active plan at all.} ({In the previous game, Shirov,A (2745)-Carlsen,M (2770)/Sofia 2009/CBM 131/[Rogozenco] (1-0, 30),} 22... Be5 {was played. It should be mentioned that in the Sofia game, the novelty also belonged to Carlsen: 21...h8 instead of the previously played 21...d7.}) ({RR} 22... Rg8 23. Be2 Bc3 24. Qf4 Be5 25. Qh6 d4 26. Nxd4 Bxd4 27. Qxc6 e3 28. f4 Rbc8 29. Qf3 Rc2 {½-½ (29) Ljeskovic,L (1710)-Popadic,D (2198) Podgorica 2019}) ({RR} 22... Be5 23. Be2 d4 ({RR} 23... Rg8 24. Qh5 Rg5 25. Qh6 f6 26. Rd1 Qc5 27. Ne3 Rbg8 28. Rc1 Qb6 29. g3) 24. Bc4 Rg8 25. Qh3 ({RR} 25. Qh5 Rg7 ({RR} 25... e3 26. g3 Qd6 27. Qh4 Ba8) 26. g3 Rbg8 {RR} 27. a3 e3 28. Nxe3 dxe3 29. Rxe3 Qf6) 25... Rg7 ({RR} 25... e3 26. g3 Qd6 ({RR} 26... Qc5 27. Qh4) 27. Rd1 ({RR} 27. Bxf7 Rg7 28. Bc4 exf2+ 29. Kxf2 d3) ({RR} 27. Nxe3 dxe3 28. Rxe3 Bd4) 27... exf2+ 28. Kxf2 Be4 29. Ne1) 26. g3 Rbg8 27. Qh6 Qc7 ({RR} 27... Ba8 {RR} 28. a3 Rg5 ({RR} 28... e3 29. Nxe3 dxe3 30. Qxe3 Re8 31. f4 Bf6 32. Qxe7 Rxe7 33. Rxe7 Bxe7 34. b4) ({RR} 28... Qc5) 29. Rd1 ({RR} 29. Qh3 e3 30. f4 Rg4 31. fxe5 Rh4) ({RR} 29. f4 exf3 30. Rf2 ({RR} 30. Kf2 Rxg3) 30... Qc7 31. Kf1 ({RR} 31. Kh1 Bxg3 32. Re8 Bf4 33. Qf6+ R5g7 34. Rxg8+ Kxg8 35. Qxd4 Rg2) 31... Bxg3 32. Re8 Rxe8 ({RR} 32... Bf4 33. Qf6+ R5g7 34. Rxg8+ Kxg8 35. Qxd4) 33. Qxg5 Bxf2 34. Qf6+ Kg8 35. Qg5+) 29... e3) ({RR} 27... Ba8 28. Rd1 Qc5 ({RR} 28... e3 29. Nxe3 dxe3 30. f6 ({RR} 30. Qxe3 Bxg3 31. hxg3 Rxg3+ 32. Qxg3 Qh4 33. Bd5) 30... Bxf6 31. Qxe3 Qc7 32. Bd5 Qa5 33. Bb7 Bxb7 34. axb7 Qc7 35. Qe4 Rb8 36. Qf5 Rg6 37. Rd7 Qc6 38. Rxf7 Rxb7 39. Rxb7 Qxb7) 29. Rfe1 ({RR} 29. Rc1 e3 30. Ne1 Bd6) 29... e3 30. Kf1 ({RR} 30. Nxe3 dxe3 31. Qxe3 Bxg3 32. Qxc5 Bd6+ 33. Kf1 Bxc5) 30... Rg5 ({RR} 30... Bxg3 31. hxg3 Rxg3 32. fxg3 Qxf5+ 33. Qf4) 31. Nxe3 dxe3 32. Rd8 e2+ 33. Rxe2 Rxd8 34. Qxg5 Rd1+ 35. Re1 Rxe1+ 36. Kxe1 Qd4 37. Qe3) 28. Nb4 Ba8 ({RR} 28... Bxg3 29. fxg3 Rxg3+ 30. Kh1) 29. Nd5 {RR} Qd7 ({RR} 29... Bxd5 30. Bxd5 e3 31. Qc6) 30. Rxe4 Qxf5 31. Qh4 d3 32. Re3) ({RR} 22... Be5 23. Be2 d4 24. Bc4 Rg8 25. Qh3 Rg7 26. g3 Rbg8 27. Qh6 Qc7 28. Nb4 Ba8 29. Nd5 Qd8 30. Rxe4 {1-0 (30) Shirov,A (2745)-Carlsen,M (2770) Sofia 2009 CBM 131 [Rogozenco,Dorian]} {RR} f6 31. Rxe5 fxe5 32. Nf6 Rf8 33. Nh5 Ra7 34. f6) ({RR} 22... Rg8 23. Be2 Bc3 24. Qf4 Qf6 25. Rd1 d4 26. Bc4 d3 27. Ne3 Be5 28. Ng4 Rxg4 29. Qxg4 Rg8 30. Qh3 e3 31. fxe3 Bxg2 32. Qxg2 Rxg2+ 33. Kxg2 Qg5+ 34. Kh1 Qh4 35. Rd2 Qe4+ 36. Rg2 Qxe3 37. Rfg1 {Kraljevic,I (2103)-Popadic,D (2176) Niksic 2016 1-0 (45)}) 23. Qh3 Qf6 24. Be2 d4 {Black is not interested in trading his active bishop for the passive white rooks.} 25. Bc4 Rg8 26. g3 Rbe8 27. Rd1 e3 {All the pieces were placed on the best squares and time has come for pawn breaks.} 28. fxe3 dxe3 29. Be2 Re4 30. Qg2 Re7 {White has no reasonable way to avoid the repetition.} 31. Qh3 Re4 32. Qg2 Re7 33. Qh3 1/2-1/2

[Event "Corus"]
[Site "Wijk aan Zee"]
[Date "2010.01.30"]
[Round "12"]
[White "Leko, Peter"]
[Black "Carlsen, Magnus"]
[Result "1/2-1/2"]
[WhiteElo "2739"]
[BlackElo "2810"]
[PlyCount "65"]
[EventDate "2010.01.16"]
[EventType "tourn"]
[EventRounds "13"]
[EventCountry "NED"]
[EventCategory "19"]
[SourceTitle "CBM 135"]
[Source "ChessBase"]
[SourceDate "2010.03.17"]
[SourceVersion "1"]
[SourceVersionDate "2010.03.17"]
[SourceQuality "1"]

1. e4 c5 2. Nf3 d6 3. d4 cxd4 4. Nxd4 Nf6 5. Nc3 a6 6. Be3 Ng4 7. Bg5 h6 8. Bh4 g5 9. Bg3 Bg7 10. h3 Nf6 11. Qf3 Qb6 12. O-O-O O-O 13. Bc4 Nc6 14. Nxc6 Qxc6 15. Bb3 Be6 16. e5 $146 ({RR} 16. Nd5 Bxd5 17. exd5 Qc7 18. h4 g4 19. Qf5 a5 20. Rd4 b5 21. a3 Rab8 22. Rhd1 a4 23. Ba2 b4 24. Rxb4 Rxb4 25. axb4 a3 26. bxa3 Qc3 27. Qd3 Qa1+ 28. Bb1 Rc8 29. Kd2 Rc3 30. Qf5 Qxa3 {Carlsen,M (2862)-Artemiev,V (2708) Chess.com INT 2020 0-1 (94)}) ({RR} 16. Nd5 Bxd5 17. exd5 Qc7 18. h4 g4 19. Qf5 a5 20. Rd4 b5 21. a3 Rab8 22. Rhd1 a4 23. Ba2 b4 24. Rxb4 Rxb4 25. axb4 a3 26. bxa3 Qc3 27. Qd3 Qa1+ 28. Bb1 Rc8 29. Kd2 Rc3 30. Qf5 Qxa3 {Carlsen,M (2862)-Artemiev,V (2708) Chess.com INT 2020 0-1 (94)}) 16... Qxf3 17. gxf3 dxe5 18. Bxe6 fxe6 19. Bxe5 Nd5 20. Bxg7 Kxg7 21. Nxd5 exd5 22. Rxd5 Rxf3 23. h4 gxh4 24. Rxh4 Rxf2 25. Rd7 Re2 26. Rxb7 Rc8 27. Kd1 Rcxc2 28. Rxe7+ Rxe7 29. Kxc2 Re5 30. b4 a5 31. bxa5 Rxa5 32. a4 h5 33. Kb3 1/2-1/2

[Event "Corus"]
[Site "Wijk aan Zee"]
[Date "2010.01.31"]
[Round "13"]
[White "Carlsen, Magnus"]
[Black "Caruana, Fabiano"]
[Result "1/2-1/2"]
[WhiteElo "2810"]
[BlackElo "2675"]
[Annotator "Postny,Evgeny"]
[PlyCount "112"]
[EventDate "2010.01.16"]
[EventType "tourn"]
[EventRounds "13"]
[EventCountry "NED"]
[EventCategory "19"]
[SourceTitle "CBM 135"]
[Source "ChessBase"]
[SourceDate "2010.03.17"]
[SourceVersion "1"]
[SourceVersionDate "2010.03.17"]
[SourceQuality "1"]

1. e4 e5 2. Nf3 Nc6 3. Bb5 a6 4. Ba4 Nf6 5. d3 d6 6. c3 g6 7. Nbd2 Bg7 8. Nf1 O-O 9. Bg5 d5 $1 {It's strange that this move hasn't appeaed at the top level so far. Objectively speaking, Black doesn't have have problems in this line anyway, but the move in the text seems to give Black some chances for evne more than equality.} (9... h6 10. Bh4 Ne7 (10... b5 11. Bb3 Na5 12. Bc2 c5 13. Ne3 Be6 14. O-O Qd7 15. a3 Ng4 16. Nxg4 Bxg4 17. h3 Be6 $11 {1-0 Tiviakov,S (2648)-Eljanov,P (2701)/Montreal 2007/CBM 119 (39)}) 11. Ne3 c6 12. O-O Qc7 13. Bb3 b5 14. a4 Bb7 15. Qd2 Kh7 16. axb5 axb5 17. Rxa8 Bxa8 18. Ra1 Bb7 $11 {0-1 Papp,G (2509)-Almasi,Z (2668)/Nyiregyhaza 2008/CBM 126 (40)}) ({RR} 9... h6 10. Bh4 Ne7 11. Bb3 c6 12. Ne3 Qc7 13. h3 b5 14. g4 Bb7 15. Bxf6 Bxf6 16. g5 hxg5 17. Ng4 Kg7 18. Qd2 Ng8 19. h4 Qd7 20. Rg1 gxh4 21. Nxf6 Nxf6 22. Nxh4 Rh8 23. Qg5 Rxh4 24. Qxh4 {Morozevich,A (2707)-Khalifman,A (2653) Moscow 2005 1-0 (54)}) 10. Qe2 Qd6 11. Bxf6 $146 {I don't see any reason to give up the bishop.} (11. Ng3 $11 {Objectively, the knight is out of place on g3. Still, this is the way to complete the development without any concession.}) ({RR} 11. Ng3 Re8 12. h3 Bd7 13. Bc2 Nd8 14. Nh2 c6 15. Qf3 h6 16. Bd2 h5 17. Ne2 Ne6 18. Rd1 c5 19. Bc1 Bc6 20. Qe3 Rad8 21. O-O b5 22. Nf3 Qc7 23. Ng3 c4 24. dxc4 dxc4 25. Rxd8 Rxd8 {Czakon,J (2461)-Staniszewski,P (2424) Szklarska Poreba 2013 ½-½ (41)}) ({RR} 11. Rd1 b5 12. Bb3 Be6 13. Ng3 Na5 14. Bxf6 Bxf6 15. exd5 Bxd5 16. Ne4 Bxe4 17. dxe4 Qe7 18. Bc2 c5 19. O-O Rfd8 20. a3 c4 21. Nd2 Nb7 22. a4 Nc5 23. axb5 axb5 24. b3 Ra2 25. Bb1 Rb2 {Tsukerman,J (1698)-Munkhzul,D (2143) Mamaia 2022 0-1 (31)}) 11... Bxf6 12. Ne3 ({White can't win a pawn like this:} 12. exd5 Qxd5 13. Ne3 Qd6 14. Nc4 Qe6 15. Bxc6 Qxc6 16. Ncxe5 Bxe5 17. Nxe5 Qxg2 $15) 12... Ne7 {Black is already slightly better.} 13. Bb3 c6 14. h4 $6 {White doesn't have any grounds for this kind of attack.} (14. O-O {is clearly safer.}) 14... Be6 15. Ng5 (15. h5 {is just a punch in the air. Black can start the queenside offensive by} a5 $15) 15... Bd7 16. Rd1 Rad8 17. Qf3 $5 {Magnus is consequent. Objectively, this idea leads to a worse position for White, but at least Black has to find some precise moves here.} (17. Nf3 $15 {would clearly indicate that all White's previous play was false.}) 17... h6 18. Nc4 $1 {This is the point.} dxc4 19. dxc4 Nd5 $8 20. Nh3 h5 $1 {[%cal Gd7g4] Caruana finds the best way to parry white's attacking attempts.} (20... Bxh4 $6 21. cxd5 Kg7 22. Nf4 $5 exf4 23. Rxh4 g5 24. Rh1 f5 25. exf5 Bxf5 26. dxc6 Rfe8+ 27. Kf1 Qxc6 28. Qxc6 Rxd1+ 29. Bxd1 bxc6 {is also slightly better for Black, but is quite messy on the way.}) 21. Qg3 Bg4 22. Rd2 (22. f3 $4 Qe7 $1 $19 {[%cal Gf6h4]}) {[%tqu "En","How should Black continue?","","","f6h4","Nice counterblow, simplifying to a better ending.",10,"d6e7","",0]} 22... Bxh4 $1 {Nice counterblow, simplifying to a better ending.} (22... Qe7 $2 23. cxd5 cxd5 24. Bxd5 Bxh4 25. Qe3 $13) 23. Qxh4 Qf6 24. Qxf6 Nxf6 25. Ng5 c5 {[%csl Yb3] Black is clearly better, as he is practically a pawn up.} 26. f3 Bc8 27. Ba4 Kg7 28. Rxd8 Rxd8 29. b4 $2 {Looks like a nervous slip of the finger.} ({For example:} 29. g3 $17 {was the normal way to continue.}) 29... Rd3 $19 {Now White just loses a pawn without any compensation.} 30. bxc5 {Funny tripled pawns, which are going to be eaten one by one.} Rxc3 31. Kd2 Rxc4 32. Bb3 Rxc5 33. Nxf7 a5 34. Rc1 (34. Nd6 {is an suggestion by the chess engine, but with precise play Black should win this.}) 34... Rxc1 35. Kxc1 a4 36. Bc4 b5 37. Nd6 bxc4 38. Nxc8 h4 39. Nb6 Nh5 40. Nxc4 Kf6 $2 {It wasn't an easy choice for Caruana, especially in time trouble. The difference between the two lines is rather subtle, but important!} (40... Nf4 $1 41. Nxe5 Nxg2 42. Ng4 (42. Kd2 Kf6 43. Ng4+ {would be just a transposition.}) 42... Ne1 43. Nh2 Kf6 44. Kd2 Ng2 45. Ng4+ Kg5 {Here the white knight must guard the h-pawn, and doesn't have time to go for the a-pawn.} 46. Ke2 h3 47. Kf2 Kh4 $1 48. Nh2 (48. e5 Nf4 $19) 48... Nf4 49. Ke3 g5 50. Nf1 Ng6 $1 51. Kf2 Ne5 52. Ke3 Nc6 53. a3 Ne5 $19 {[%csl Ra3][%cal Ge5c4]}) 41. Kd2 Nf4 42. Ke3 (42. Ne3 $2 {falls to a typical tactical trick:} Kg5 43. Ke1 Nxg2+ $1 44. Nxg2 h3 45. Kf2 h2 $19) 42... Nxg2+ 43. Kf2 Nf4 44. Nb2 {The exchange of a-pawns is in favour of the defending side.} a3 45. Nc4 Nd3+ 46. Kg2 Kg5 (46... Nb4 47. Nxa3 Nxa2 48. Nb5 Nb4 49. Kh3 g5 50. Nd6 Nd3 51. Nc4 {Black can torture his opponent for a long time, but I don't really see a constructive winning plan.}) 47. Nxa3 Kf4 48. Nc2 {Now it's a clear draw, since the a-pawn gives White counterplay.} Nb2 49. Nb4 h3+ 50. Kxh3 Kxf3 51. Kh4 Kf4 52. Nd5+ Kxe4 53. Ne7 Kf3 54. Nxg6 e4 55. Ne5+ Kf4 56. Ng4 Na4 {A somewhat lucky escape for the World number one, which yielded him another victory in an elite tournament!} 1/2-1/2

[Event "Bazna Kings 4th"]
[Site "Medias"]
[Date "2010.06.15"]
[Round "2"]
[White "Radjabov, Teimour"]
[Black "Carlsen, Magnus"]
[Result "1/2-1/2"]
[WhiteElo "2740"]
[BlackElo "2813"]
[Annotator "Rogozenco,Dorian"]
[PlyCount "147"]
[EventDate "2010.06.14"]
[EventType "tourn"]
[EventRounds "10"]
[EventCountry "ROU"]
[EventCategory "20"]
[SourceTitle "CBM 137"]
[Source "ChessBase"]
[SourceDate "2010.07.15"]
[SourceVersion "1"]
[SourceVersionDate "2010.07.15"]
[SourceQuality "1"]

1. e4 c5 2. Nc3 Nc6 3. Bb5 Nd4 4. Bc4 Nf6 5. Nge2 a6 6. a4 e6 7. O-O d5 8. exd5 exd5 9. Ba2 Bg4 10. f3 ({The less committing} 10. h3 {was also possible, since the natural answer} Bh5 {drives the bishop away from the potential weakness on d5. White can consider then} 11. g4 Bg6 12. d3 {and it is not simple for Black to exploit weaknesses on opponent's kingside, while his center remains shaky.}) (10. d3 Bd6 11. h3) 10... Be6 11. d3 Nc6 $146 ({RR} 11... Qd7 12. Nxd4 cxd4 13. Ne2 Bc5 14. Bf4 Qd8 15. Be5 Qb6 16. Qd2 Nd7 17. a5 Qa7 18. Bxg7 Rg8 19. Qh6 O-O-O 20. Rab1 Qb8 21. Bxd4 Bd6 22. Kh1 Rg6 23. Qh4 Rdg8 24. Rf2 Bf8 25. Be3 Ne5 26. Nd4 {Tristan,L (2393)-Fabian,G (2260) Villa Martelli 2010 1-0 (36)}) ({RR} 11... Nxe2+ 12. Qxe2 Be7 13. f4 Qd7 14. Qf3 Bg4 15. Qg3 Bf5 16. Bd2 O-O 17. Rae1 Rfe8 18. h3 h5 19. Qf3 Rad8 20. Re5 d4 21. Nd5 Nxd5 22. Rxd5 Qc8 23. Qxh5 Be6 24. Rxd8 Rxd8 25. Bxe6 Qxe6 26. f5 {Dwilewicz,K (2198)-Klekowski,M (2474) chess.com INT 2025 ½-½ (59)}) ({RR} 11... Bd6 12. Bg5 O-O 13. Nxd4 cxd4 14. Ne2 Rc8 15. Bb3 Bc5 16. Qd2 Re8 17. Kh1 Rc6 18. Qf4 h6 19. Bxf6 Qxf6 20. Qxf6 gxf6 21. Nf4 Kg7 22. Rae1 Bb4 23. Rd1 Bd6 24. Ne2 Bc5 25. Rde1 Rd8 26. Nf4 {Pawar,H (1945)-Manik,M (2343) Chennai IND 2024 ½-½}) 12. Nf4 Qd7 13. Bd2 Be7 14. Nce2 O-O 15. c3 {Black has a pleasant position and Carlsen tries to expand on the queenside.} b5 16. Bb1 Rab8 ({The immediate} 16... b4 {deserved attention, avoiding the exchange of a-pawns.}) 17. axb5 axb5 18. Bc2 Bd6 19. Qe1 {Radjabov chooses the waiting strategy. A reasonable approach, since White's only problem are the weaknesses created by the move 10.f3 and he is able to cover them.} ({There was nothing wrong with} 19. d4) 19... Rfe8 20. Qf2 Qc7 21. Kh1 b4 22. d4 {Carlsen: "A very good move". Radjabov rightly calculated that in the following tactical complications White keeps the balance.} bxc3 23. bxc3 cxd4 24. cxd4 Nxd4 25. Bxh7+ {Forced. Other moves leave Black with an extra pawn.} (25. Qxd4 $2 Qxc2) (25. Nxd4 $2 Bxf4) (25. Nxe6 $2 Nxe6) 25... Nxh7 26. Qxd4 Be5 27. Nxe6 Rxe6 28. Bf4 Bxd4 29. Bxc7 Bxa1 30. Bxb8 Rxe2 31. Rxa1 {The endgame should of course be a draw, but the passed d-pawn leaves Black with possibilities to play on. Although in the next part Carlsen improved the position as much as possible, White's defensive resources are always sufficient.} Ng5 32. Kg1 Ne6 33. Rd1 d4 34. Kf1 Rb2 35. Be5 Rb5 36. Bg3 Kh7 37. Bf2 Kg6 38. Ke1 Rb4 39. h4 Kf5 40. g3 Ke5 41. Ke2 Kd5 42. Rd2 Ra4 43. Rb2 Nc5 44. Rd2 Nb3 45. Rc2 Ra7 46. h5 f6 47. Rb2 Re7+ 48. Kd3 Nc5+ 49. Kd2 Ra7 50. Ke2 Ra4 51. Rd2 Nd7 52. Be3 Ne5 53. g4 Nf7 54. Bf4 Nd8 55. Rb2 Ne6 56. Bd2 Ra1 57. Rb5+ Kc4 58. Ra5 {A somewhat risky move, requiring precise calculation.} ({The simplest way was pointed out by Carlsen:} 58. Rb6 Nc5 59. h6 gxh6 60. Rxf6 $11) 58... Nf4+ 59. Kf2 Rxa5 60. Bxa5 Kd3 61. Kg3 Ne2+ 62. Kf2 Nf4 63. Kg3 Ke3 64. g5 $1 {A precise move, which secures the draw. After other continuations White is in troubles.} fxg5 65. Kg4 d3 66. Kxg5 Kxf3 67. h6 Ne6+ 68. Kg6 gxh6 69. Kxh6 Ke2 70. Kg6 Nd4 71. Kf6 Nc6 72. Bc3 Ne5 73. Kxe5 d2 74. Bxd2 1/2-1/2